000 00613nam a2200241Ia 4500
005 20250425160637.0
008 250425s9999 xx 000 0 und d
020 _a9687270438
041 _aspa
082 _a515.15
100 _aSWOKOWSKI, EARL W.
245 0 _aCALCULO CON GEOMETRIA ANALITICA
250 _a2A ED.
260 _aMEXICO
260 _aMéxico
_bGRUPO EDITORIAL IBEROAMERICA
_c1989
300 _a1097
650 _aECUACIONES DIFERENCIALES
650 _aECUACIONES DIFERENCIALES
650 _aGEOMETRIA ANALITICA
650 _aGEOMETRIA ANALITICA
942 _c01
010 _a1039
999 _c193222
_d193222